Statistics for Guess the 4E student 2

Click here to take the quiz!

General Stats

  • This quiz has been taken 18 times
  • The average score is 11 of 15

Answer Stats

HintAnswer% Correct
鱼 and 一Yu Hang
90%
A male human the first colour of the rainbowHong Ren
80%
“JingLee” BellsJae
80%
if you want to tie knots, he's your guyLucas
80%
He shares a name with JaredRuokai
80%
He loves to singYu ze
80%
The famous Landmark in London, England, was named after this "Big" individualBenjamin
70%
大面Damien
70%
former Jackie’s second in commandElliott
70%
🏓 or 🏊‍♂️Ethan
70%
the tallest guy’s best friendLeonard
70%
Dee 🚐Visswa
70%
balls but on floorZhuoyuan
70%
Weng Seng's former associateJun Kai
60%
looks like a jockJun Jie
50%

Score Distribution

Percentile by Number Answered

Percent of People with Each Score

Your Score History

You have not taken this quiz